Բանաստեղծութիւններ / (Record no. 153263)
[ view plain ]
| 000 -LEADER | |
|---|---|
| fixed length control field | 00710nam a2200193 a 4500 |
| 001 - CONTROL NUMBER | |
| control field | 000403817 |
| 003 - CONTROL NUMBER IDENTIFIER | |
| control field | AM-YeHGA |
| 005 - DATE AND TIME OF LATEST TRANSACTION | |
| control field | 20250618072403.0 |
| 008 - FIXED-LENGTH DATA ELEMENTS--GENERAL INFORMATION | |
| fixed length control field | 050119s1891 ru r 000 0 arm d |
| 040 ## - CATALOGING SOURCE | |
| Original cataloging agency | AM-YeHGA |
| 041 0# - LANGUAGE CODE | |
| Language code of text/sound track or separate title | arm |
| 090 ## - LOCALLY ASSIGNED LC-TYPE CALL NUMBER (OCLC); LOCAL CALL NUMBER (RLIN) | |
| -- | 154659 |
| 100 1# - MAIN ENTRY--PERSONAL NAME | |
| Personal name | Ծատուրյան, Ալեքսանդր Հովսեփի, |
| Dates associated with a name | 1865-1917 |
| 9 (RLIN) | 1663 |
| 245 10 - TITLE STATEMENT | |
| Title | Բանաստեղծութիւններ / |
| Statement of responsibility, etc. | Ալ. Ծատուրեան; Հրատ.՝ Ա. Ժամհարեան. |
| 260 ## - PUBLICATION, DISTRIBUTION, ETC. | |
| Place of publication, distribution, etc. | Մոսկուա : |
| Name of publisher, distributor, etc. | տպ. Մկրտիչ Բարխուդարեանի, |
| Date of publication, distribution, etc. | 1891. |
| 300 ## - PHYSICAL DESCRIPTION | |
| Extent | 174 էջ ; |
| Dimensions | 17 սմ. |
| 650 14 - SUBJECT ADDED ENTRY--TOPICAL TERM | |
| Topical term or geographic name entry element | Հայ գրականություն |
| General subdivision | Պոեզիա |
| 700 1# - ADDED ENTRY--PERSONAL NAME | |
| Personal name | Ժամհարեան, Աթանաս |
| Relator term | հրատ. |
| Relationship | pbl |
| Withdrawn status | Lost status | Damaged status | Not for loan | Collection | Home library | Current library | Date acquired | Total checkouts | Full call number | Barcode | Date last seen | Price effective from | Koha item type | Public note |
|---|---|---|---|---|---|---|---|---|---|---|---|---|---|---|
| General | Fundamental Scientific Library | Fundamental Scientific Library | 28/12/2016 | AI/7590 | FL0043706 | 28/12/2016 | 28/12/2016 | Գրքեր / Books | 30 Days Loan |
ՀՀ Գիտությունների ազգային ակադեմիայի հիմնարար գիտական գրադարան = Fundamental Scientific Library of NAS RA
All site content, except where otherwise noted, is licensed under a